Since We're Alone - Niall Horan (Lyrics) - Statistics

General Stats
  • This quiz has been taken 35 times
  • The average score is 303 of 345
Answer Stats
% Correct
a
100%
all
100%
[Verse 2] All
100%
alone
100%
Alone
100%
Alone-alone-alone
100%
alone-lone-lone
100%
Alone-lone-lone
100%
can
100%
I
100%
in
100%
it
100%
[Bridge] | [Chorus] | [Outro] Since
100%
since
100%
that
100%
the
100%
The
100%
we
100%
we're
100%
where
100%
you
100%
You
100%
your
100%
are
94%
heart
94%
If
94%
if
94%
It's
94%
me
94%
my
94%
on
94%
Yeah
94%
yeah
94%
you're
94%
You're
94%
apart
88%
break
88%
( Break
88%
dark
88%
[Verse 1] Like
88%
see
88%
show
88%
Show
88%
when
88%
And
82%
best
82%
day
82%
don't
82%
Don't
82%
get
82%
put
82%
rain
82%
sunny
82%
swear
82%
There's
82%
to
82%
[Pre-Chorus] Anyone
76%
behind
76%
face
76%
from
76%
got
76%
I'm
76%
know
76%
light
76%
of
76%
shadow
76%
talk
76%
want
76%
what
76%
won't
76%
hand
71%
head
71%
hiding
71%
lost
71%
No
71%
okay
71%
running
71%
so
71%
trying
71%
everything
65%
more
65%
skin-deep
65%
than
65%
afraid
59%
Tell
59%
through
59%
think
53%
thoughts
53%
Why
53%
left
47%
love
47%
things
47%
would
47%
came
41%
Just
41%
just
41%
made
41%
unsaid
41%
yourself
41%
better
35%
But
35%
else
35%
play
35%
someone
35%
wanna
35%
) now
29%
No matching quizzes found
Score Distribution
Percent of People with Each Score
Percentile by Number Answered
Your Score History
You have not taken this quiz